000 00946nas a2200313 4500
001 BR0806221
003 BR-BrBNA
005 20231205112450.0
007 ta
008 230509b bl.|||p| |||| 00| 00por d
040 _aBR-BrBNA
_bpor
_cBiblioteca Nacional de Agricultura
041 _a(Pt)
072 _aQ02; Q04
100 1 _aToneli, J.T. de C.L.
100 1 _aPark, K.J.
100 1 _aMurr, F.E.X.
100 1 _aNegreiros, A.A.
245 1 _aEfeito da umidade sobre a microestrutura da inulina em pó
650 _aCHICÓRIA
650 _aALCACHOFRA JERUSALÉM
650 _aCARBOIDRATO
650 _aINDÚSTRIA ALIMENTÍCIA
650 _aPROPRIEDADE FÍSICO-QUÍMICA
650 _aTECNOLOGIA DE ALIMENTO
650 _aSECAGEM
773 0 _tCiência e Tecnologia de Alimentos (Brazil)
_xISSN 0101-2061
_g(Jan-Mar 2008), v. 28(1) p. 122-131
_wBR0806221
909 _a202311
_bLúcia
_c55
_dLúcia Elande
942 _2AGRIS
_n0
_cANA
999 _c198211
_d198211